| 000 | 00751nam a2200241 a 4500 | ||
|---|---|---|---|
| 999 |
_c7526 _d7526 |
||
| 001 | 7526 | ||
| 003 | BD-JhCC | ||
| 005 | 20180217182341.0 | ||
| 008 | 171101s1975 bg |||| ||a| 000 0 ben d | ||
| 035 | _a(BD-JhCC) 7526 | ||
| 040 |
_aBD-JhCC _dBD-JhCC |
||
| 041 | _aben | ||
| 082 |
_a577 _bASI 1975 |
||
| 100 | _aআইজাক, আসিমভ | ||
| 245 |
_aপ্রাণের উৎস / _cআসিমভ আইজাক; সাদেক আলী (অনুবাদ) |
||
| 260 |
_aঢাকা : _bবাংলা একাডেমী, _c1975. |
||
| 300 |
_a260p .: _c22 cm. |
||
| 650 |
_aLife _xBiography |
||
| 650 | _aEvolution (Biography) | ||
| 700 | _aআলী, সাদেক | ||
| 942 |
_2ddc _cBK |
||